00819nam a2200205Ia 4500003000900000008004100009020002200050040001600072080001500088100002600103245016500129260004200294300001500336650002600351650005000377700002900427942000700456999001700463952013300480IN-BaIIA211028s9999 xx 000 0 eng d a978-0-19-850950-9 cIIA Library a539.1bBUD aBudker, Dmitry929636 0aAtomic physicsban exploration through problems and solutionscDmitry Budker, Derek F. Kimball and David P. DeMille  aOxfordbOxford University Pressc2004 axiv, 441p. aNuclear physics91527 aNuclear physics-problems and exercises929637 aDeMille, David P.929638 cBK c16029d16029 00104070aBANbBANcGENd2005-12-17eALL g1999.74l0o539.1/ BUDp16951r2021-11-05v1999.74w2005-12-17yBKGRs. 1999.74